Épisodes de Tintin par extrait de 5 secondes #13 - Statistiques

Statistiques générales
  • Ce quiz a été pris 29 fois
  • Le résultat moyen est 13 sur 21
Statistiques - réponses
Hint Réponse % Correct
Le Lotus bleu
90%
Tintin au pays de l'or noir
90%
Tintin en Amérique
90%
L'Affaire Tournesol
86%
Le Secret de La Licorne
81%
Les Sept Boules de cristal
81%
Le Temple du Soleil
76%
Les Bijoux de la Castafiore
71%
L'Étoile mystérieuse
71%
L'Île Noire
71%
Objectif Lune
71%
Tintin et les Picaros
62%
Les Cigares du pharaon
57%
Vol 714 pour Sydney
57%
Tintin au Tibet
48%
Le Sceptre d'Ottokar
43%
Le Trésor de Rackham le Rouge
43%
Le Crabe aux pinces d'or
38%
L'Oreille cassée
33%
Coke en stock
29%
On a marché sur la Lune
19%
Aucun quiz correspondant
Distribution des résultats
% des personnes avec chaque résultat
Percentile par nombre de réponses
Votre historique - résultats
Vous n’avez pas pris ce quiz